Interactivo : (Registro nro. 10523)

Detalles MARC
000 -CABECERA
Longitud fija campo de control 00924nam a2200229 a 4500
003 - • IDENTIFICADOR DELl NÚMERO DE CONTROL
Identificador del número de control CO-ViMGA
008 - • CÓDIGOS DE INFORMACIÓN DE LONGITUD FIJA
Códigos de información de longitud fija 141112s2004 ck r 000 u spa d
020 ## - • NÚMERO INTERNACIONAL NORMALIZADO PARA LIBROS
Número Internacional Normalizado para Libros (ISBN) 9789582415174 (obra completa)
040 ## - FUENTE DE LA CATALOGACIÓN
Centro catalogador de origen CO-ViMGA
Lengua de catalogación spa
Centro transcriptor CO-ViMGA
082 ## - • NÚMERO DE LA CLASIFICACIÓN DECIMAL DEWEY
Número de clasificación (R) 300.71 I68
245 10 - • TITULO PROPIAMENTE DICHO
Título Interactivo :
Resto del título sociales /
Mención de responsabilidad, etc. Blanca Yenny Amórtegui Ruiz ... [et al.]
300 ## - • DESCRIPCIÓN FÍSICA
Extensión v. . il. col., fot. col., mapas col. ; 28 cm.
500 ## - • NOTA GENERAL
Nota general Libro 1 : Libro del estudiante - - Libro 2 : Atlas de Colombia
505 ## - • NOTA DE CONTENIDO CON FORMATO
Nota de contenido con formato Libro 1, grados : 3, 4, 5 - - Libro 2, grados : 3, 4, 5
650 14 - • PUNTO DE ACCESO ADICIONAL DE MATERIA - TÉRMINO DE MATERIA
Término de materia o nombre geográfico como elemento inicial Ciencias sociales - Enseñanza primaria - Libros de texto
700 1# - • PUNTO DE ACCESO ADICIONAL - NOMBRE DE PERSONA
Nombre de persona Amórtegui Ruiz, Blanca Yenny
942 ## - ENTRADA DE ELEMENTOS AGREGADOS (KOHA)
Fuente de clasificaión o esquema Dewey Decimal Classification
Koha [por defecto] tipo de item LIbro
990 ## - EQUIVALENCIA O SECCIÓN-REFERENCIA [LOCAL, CANADA]
Enlace de información para campos 9XX Santillana grados 4 - 5, libros 1 - 2 (2 ej. de cada uno) 21 03/04/2013 n a836690 08/02/2013 08/02/2013
Existencias
Perdido Fuente de clasificación o esquema Estado Físico No para préstamo Forma de adquisición Localización permanente Localización actual Fecha adquisición Serie de enumeración / cronolog&íacute;a Préstamos totales Signatura completa Código de barras Fecha última consulta Número de copia Fecha del precio de reemplazo Tipo de item de Koha
  Dewey Decimal Classification     Sala General Biblioteca Barrio Emporio - Villavicencio Biblioteca Barrio Emporio - Villavicencio 12/04/2015 Volumen. 1 | 11/jun/2009   745.5 G629 c 3663 05/19/2017 Ej. 1 12/04/2015 LIbro
  Dewey Decimal Classification     Sala General Segundo Piso Biblioteca Pública Germán Arciniegas - Villavicencio Biblioteca Pública Germán Arciniegas - Villavicencio 12/04/2015 Volumen. 1 | 11/jun/2009   745.5 G629 1030 12/04/2015 Ej. 1 12/04/2015 LIbro









Instituto Departamental de Cultura del Meta - Red Departamental de Bibliotecas Públicas del Meta.